Prima Lettera delle Città Italiane II - Statistics

Statistiche generali
  • Questo quiz è stato fatto 161 volte
  • Il punteggio medio è 20 su 21
Statistiche sulle risposte
Hint Risposta % Corretto
_rezzo A
98%
_mpoli E
98%
_oggia F
98%
_essina M
98%
_ovara N
98%
_adova P
98%
_eggio Emilia R
98%
_assari S
98%
_rieste T
98%
_rescia B
97%
_agliari C
97%
_sernia I
96%
_atina L
96%
_iugliano in Campania G
94%
_esolo J
94%
_uarto Q
94%
_enezia V
94%
_esenzano del Garda D
92%
_mbertide U
92%
_ristano O
91%
_evio Z
73%
Nessun quiz corrispondente trovato
Distribuzione punteggi
Percentuale di utenti per punteggio
Percentile per numero di risposta
I tuoi punteggi nel tempo
Non hai fatto questo quiz